| 000 | 00825nas a2200277 4500 | ||
|---|---|---|---|
| 001 | BR8006340 | ||
| 003 | BR-BrBNA | ||
| 005 | 20231205084418.0 | ||
| 007 | ta | ||
| 008 | 230509b bl.|||p| |||| 00| 00por d | ||
| 040 |
_aBR-BrBNA _bpor _cBiblioteca Nacional de Agricultura |
||
| 041 | _a(Pt) | ||
| 072 | _aF22; F23; F26 | ||
| 100 | 1 | _aFalcao, M.F.L. | |
| 100 | 1 | _aLima, C.C. de A. | |
| 245 | 1 | _aAspectos ambientais dos tabuleiros costeiros entre Recife e Joao Pessoa [Brasil] | |
| 650 | _aFISICA DO SOLO | ||
| 650 | _aRECURSO DO SOLO | ||
| 650 | _aCLASSIFICACAO DO SOLO | ||
| 650 | _aRECIFE | ||
| 650 | _aPERNAMBUCO | ||
| 650 | _aPARAIBA | ||
| 773 | 0 |
_tCaderno Omega (Brazil) _xISSN 0100-2732 _g(Jul-Dec 1980), v. 4(2) p. 123-136 _wBR8006340 |
|
| 909 |
_a202311 _bLúcia _c55 _dLúcia Elande |
||
| 942 |
_2AGRIS _n0 _cANA |
||
| 999 |
_c105054 _d105054 |
||